00474nam a2200133Ia 45000010005000000080041000050820036000461000109000822450075001912600024002665900007002909010028002979990015003252007241024s9999 xx 000 0 und d aRD/378.7293/R426p/2008-2018/v.5 aRepública Dominicana. Secretaría de Estado de Educación Superior, Ciencia y Tecnología (SEESCYT) 0aPlan Decenal de Educación Superior 2008-2018. Área Modernización bSanto Domingoc2008 asi a7/11/2011 11:03:13 a.m. c8358d8358